000 01172nam a22002777a 4500
003 OSt
005 20220829173146.0
008 220829t2015 ck ||||f |||| 00| s spa d
020 _a9789584246158
020 _a9584246151
040 _aCO-JMCR
_cCO-JMCR
041 1 _aspa
_heng
082 _a302.072
_bS733c
100 _aStiglitz, Joseph E.,
_eautor
_93808
245 1 3 _aLa creación de una sociedad del aprendizaje /
_cJoseph E. Stiglitz y Bruce C. Greenwald
260 _aBogotá :
_bCrítica,
_c2015
300 _a556 páginas ;
_c24 cm.
440 0 _aSerie de Conferencias Kenneth J. Arrow
_942347
500 _aTítulo original: Creating a lerning society: a new approach to growth, development, and social progress.
505 0 _aParte uno: la creación de una sociedad del aprendizaje: un nuevo enfoque hacia el crecimiento, el desarrollo y el progreso social: conceptos básicos y análisis -- Parte dos: políticas para una sociedad del aprendizaje.
546 _aTraducido del inglés.
650 1 _aEconomia del aprendizaje
_942348
650 1 _aSociedad del aprendizaje
_942349
700 1 _aGreenwald, Bruce C.,
_eautor
_942350
942 _2ddc
_cBK
999 _c29742
_d16126